Ten Weird Country Facts - Statistics

General Stats
  • This quiz has been taken 72 times
    54 since last reset
  • The average score is 4 of 11
Answer Stats
Hint Answer % Correct
You are not aloud to chew gum in what country? Singapore
87%
Spain borders France, Portugal, Andorra and who? Morocco
70%
What countries population is 95 percent overweight? Nauru
59%
In the 2018 Mens World Cup, France won against who, to win? Croatia
50%
1 covid case during whole pandemic in what country? Tonga
41%
Bonus 1: Who invented dynamite that eventually killed his brother? Alfred Nobel
39%
Acient people used to put mud on their face to scare away people in what country? Papua New Guinea
20%
People said they spotted a dinosaur, the same as the Loch Ness Monster in a river in? D.R Congo
11%
Translated in English, "tere" is hello in what countries national language? Estonia
11%
In what country, for people to show their strength, have to jump over a 6 feet tall stone wall? Indonesia
9%
In what country did people discover an underwater cave, with turtle bones with sea turtles that never made it out? Malaysia
7%
No matching quizzes found
Score Distribution
Percent of People with Each Score
Percentile by Number Answered
Your Score History
You have not taken this quiz since the last reset